[Event "Espalion op 3rd"]
[Site "Espalion"]
[Date "2018.07.18"]
[Round "6"]
[White "Martinez, Philippe"]
[Black "Malart, Jacques"]
[Result "1/2-1/2"]
[WhiteElo "1506"]
[BlackElo "1735"]
[PlyCount "121"]
[EventDate "2018.07.14"]
[EventType "swiss"]
[EventRounds "9"]
[EventCountry "FRA"]
[SourceTitle "CBM 185 Extra"]
[Source "ChessBase"]
[SourceDate "2018.07.29"]
[SourceVersion "1"]
[SourceVersionDate "2018.07.29"]
[SourceQuality "1"]

1. e4 e5 2. Nf3 Nc6 3. Bc4 Nf6 4. d3 h6 5. c3 Bc5 6. 0-0 d5 7. exd5 Nxd5 8. Re1 f6 9. d4 Nb6 10. Bd3 Bd6 11. dxe5 fxe5 12. Bg6+ Kf8 13. Nxe5 Qf6 14. Nxc6 Qxg6 15. Qf3+ Kg8 16. Ne7+ Bxe7 17. Rxe7 c6 18. Re1 Bg4 19. Qg3 Kh7 20. h3 Bf5 21. Qxg6+ Bxg6 22. Bf4 Rhe8 23. Nd2 Rad8 24. Nf3 Nd5 25. Be5 Nb6 26. Bd4 Nc8 27. Ne5 Bf5 28. Re3 Rd5 29. Nf3 Red8 30. Re5 Rxe5 31. Bxe5 Be4 32. Nd4 c5 33. Nb3 c4 34. Nd4 Nb6 35. b3 Bd3 36. Re1 Re8 37. f4 Nd5 38. Nf3 b5 39. g3 a5 40. Kf2 Bc2 41. bxc4 bxc4 42. Bd4 Rb8 43. Re5 Rb2 44. Ke1 Rb5 45. Nh4 a4 46. Nf5 Nxc3 47. Bxc3 Rxe5+ 48. Bxe5 Bxf5 49. a3 Bxh3 50. Kd2 Kg6 51. Kc3 Be6 52. Kb4 c3 53. Kxc3 Kf7 54. Kd4 g6 55. Ke3 Bg4 56. Kf2 Ke6 57. Ke3 Kf5 58. Kf2 h5 59. Bb8 Bh3 60. Bd6 Ke4 61. Be7 1/2-1/2

[Event "Noisy le Grand op"]
[Site "Noisy le Grand"]
[Date "2000.04.21"]
[Round "1.6"]
[White "Vantet, Jean Michel"]
[Black "Martinez, Philippe"]
[Result "1-0"]
[WhiteElo "2010"]
[BlackElo "1550"]
[PlyCount "67"]
[EventDate "2000.04.??"]
[EventType "swiss"]
[EventRounds "7"]
[EventCountry "FRA"]
[SourceTitle "EXT 2002"]
[Source "ChessBase"]
[SourceDate "2001.11.25"]
[SourceVersion "1"]
[SourceVersionDate "2001.11.25"]
[SourceQuality "1"]

1. c4 c5 2. Nc3 Nc6 3. g3 b6 4. Bg2 Bb7 5. d3 Nf6 6. e4 d6 7. Rb1 e6 8. Nge2 Be7 9. 0-0 0-0 10. h3 a6 11. a3 Qc8 12. Kh2 Ne8 13. f4 Nc7 14. Na4 Qd8 15. Nxb6 Rb8 16. Na4 Ba8 17. Nac3 a5 18. Bd2 Bf6 19. Qa4 Rb6 20. Qc2 Rb8 21. Rfd1 Bd4 22. Ng1 Bxg1+ 23. Rxg1 Nd4 24. Qd1 Qd7 25. Be3 Nb3 26. d4 Rfd8 27. d5 Rb6 28. a4 Rdb8 29. Nb5 Nd4 30. Bxd4 cxd4 31. Qxd4 Na6 32. b3 Nc5 33. e5 Na6 34. dxe6 1-0